[Event "Ostravský koník 2014 - FIDE Open B"]
[Site "Ostrava, CZE"]
[Date "2014.05.03"]
[Round "8"]
[White "Kubelka, Jaroslav"]
[Black "Kacir, Tomas"]
[Result "1/2-1/2"]
[WhiteElo "1550"]
[BlackElo "1771"]
[PlyCount "113"]

1. d4 d5 2. c4 e6 3. Nc3 Nf6 4. Bg5 c6 5. e3 Nbd7 6. Nf3 Be7 7. Rc1 Ne4 8. Bxe7
Qxe7 9. a3 O-O 10. cxd5 exd5 11. Qc2 f5 12. g3 Nxc3 13. Qxc3 Nf6 14. Bg2 Ne4
15. Qc2 Be6 16. O-O Rac8 17. b4 Rc7 18. Qb2 Rfc8 19. Rc2 b6 20. Rfc1 h6 21. Ne5
c5 22. dxc5 bxc5 23. f3 Nf6 24. Rxc5 Rxc5 25. Rxc5 Rxc5 26. bxc5 Qxc5 27. Kf2
a5 28. h4 Kh7 29. Bf1 Ne8 30. Bd3 Nd6 31. Ba6 Nc4 32. Bxc4 dxc4 33. Qc3 Qb5 34.
Ke2 Qb3 35. Qxb3 cxb3 36. Kd2 Bd5 37. Kc3 a4 38. f4 g6 39. Nd7 Kg7 40. Ne5 Kf6
41. Nd3 g5 42. hxg5+ hxg5 43. Kd4 Be4 44. Nb2 Bc6 45. Kc5 Be8 46. Kd6 gxf4 47.
gxf4 Kf7 48. Ke5 Bd7 49. Kd6 Ke8 50. Nc4 Bb5 51. Nb2 Bd7 52. Nc4 Bb5 53. Nb2
Kf7 54. Ke5 Bd7 55. Kd6 Be8 56. Ke5 Bd7 57. Kd6 1/2-1/2

[Event "Ostravský koník 2014 - FIDE Open B"]
[Site "Ostrava, CZE"]
[Date "2014.05.03"]
[Round "8"]
[White "Glacner, Karel"]
[Black "Fridrisek, Tomas"]
[Result "1-0"]
[WhiteElo "1579"]
[BlackElo "1473"]
[PlyCount "21"]

1. Nf3 g6 2. g3 Bg7 3. Bg2 c6 4. d4 d6 5. O-O Nf6 6. b3 b5 7. Bb2 O-O 8. c4 b4
9. Qd2 Bb7 10. Qxb4 Na6 11. Qxb7 1-0

[Event "Ostravský koník 2014 - FIDE Open B"]
[Site "Ostrava, CZE"]
[Date "2014.05.03"]
[Round "8"]
[White "Gemsova, Tereza"]
[Black "Lipus, Drahomir"]
[Result "0-1"]
[WhiteElo "1272"]
[BlackElo "1568"]
[PlyCount "86"]

1. e4 c5 2. Nf3 d6 3. d4 cxd4 4. Nxd4 Nf6 5. Nc3 a6 6. Bd3 e6 7. Bg5 Be7 8. O-O
Nc6 9. Nb3 b5 10. a3 Bb7 11. Qf3 Qc7 12. Rad1 O-O 13. Qg3 Kh8 14. Rfe1 g6 15.
Qh4 Ng8 16. Bxe7 Qxe7 17. Qg3 Rfd8 18. Ne2 Qf6 19. Qf4 Qg7 20. Nc3 e5 21. Qf3
Bc8 22. Nd5 Nce7 23. c4 Nxd5 24. cxd5 Nh6 25. Nd2 Bg4 26. Qe3 Bxd1 27. Rxd1 Ng4
28. Qb6 Qf6 29. Nf3 h5 30. b3 h4 31. h3 Nh6 32. a4 g5 33. Nh2 bxa4 34. bxa4
Rab8 35. Qxa6 Rb2 36. f3 Rdb8 37. Bb5 Rc2 38. Rf1 Kg7 39. Rd1 Qf4 40. Nf1 Rbc8
41. Rd3 g4 42. hxg4 Nxg4 43. g3 Qxg3+ 0-1

[Event "Ostravský koník 2014 - FIDE Open B"]
[Site "Ostrava, CZE"]
[Date "2014.05.03"]
[Round "8"]
[White "Gerekova, Eliska"]
[Black "stefanik, Petr"]
[Result "0-1"]
[WhiteElo "1233"]
[BlackElo "1456"]
[PlyCount "72"]

1. e4 c5 2. Nf3 e6 3. d4 cxd4 4. Nxd4 Bc5 5. Nb3 Qb6 6. Nxc5 Qxc5 7. Be3 Qe5 8.
Nc3 Nf6 9. Bd4 Qg5 10. Qd2 Qxd2+ 11. Kxd2 Ke7 12. Bc4 Nc6 13. Bxf6+ gxf6 14.
Rad1 Ne5 15. b3 Rg8 16. g3 Nxc4+ 17. bxc4 a6 18. Rhe1 b6 19. f4 Ra7 20. f5 Rc7
21. Kd3 Bb7 22. fxe6 dxe6 23. e5 f5 24. Na4 Rd8+ 25. Kc3 b5 26. Nb2 bxc4 27.
Nxc4 Bd5 28. Rd4 Rdc8 29. Red1 Rxc4+ 30. Rxc4 Bxc4 31. Rd6 Bxa2+ 32. Kb4 Bc4
33. Ka5 Rc5+ 34. Kb4 Rxe5 35. Kxc4 Kxd6 36. Kd3 Rb5 0-1

[Event "Ostravský koník 2014 - FIDE Open B"]
[Site "Ostrava, CZE"]
[Date "2014.05.03"]
[Round "8"]
[White "Mikesch, Dalibor"]
[Black "Szuscikova, Natalie"]
[Result "1-0"]
[WhiteElo "1293"]
[BlackElo "1223"]
[PlyCount "53"]

1. e4 e5 2. Nf3 Nc6 3. Bb5 Nf6 4. Nc3 Bc5 5. O-O d6 6. d4 exd4 7. Nxd4 Bxd4 8.
Bxc6+ bxc6 9. Qxd4 h6 10. Re1 O-O 11. Bf4 Be6 12. e5 dxe5 13. Qxd8 Rfxd8 14.
Bxe5 Ng4 15. Bxc7 Rd4 16. Bg3 Rad8 17. a3 Bf5 18. h3 Nf6 19. Re2 Rd2 20. Rxd2
Rxd2 21. Rc1 Bxc2 22. Bf4 Rd4 23. Be3 Rc4 24. Rxc2 Ne4 25. Bxa7 Nxc3 26. Rxc3
Rxc3 27. bxc3 1-0

[Event "Ostravský koník 2014 - FIDE Open B"]
[Site "Ostrava, CZE"]
[Date "2014.05.03"]
[Round "8"]
[White "Odlevak, Marek"]
[Black "Palanek, Rene"]
[Result "1-0"]
[WhiteElo "1217"]
[BlackElo "1090"]
[PlyCount "108"]

1. e4 c6 2. d4 d5 3. e5 Bf5 4. Nf3 e6 5. Nc3 Bb4 6. Bd2 Ne7 7. a3 Bxc3 8. bxc3
Nd7 9. Be2 O-O 10. Bg5 h6 11. Bd2 c5 12. O-O Rb8 13. Rb1 c4 14. h3 Bh7 15. Nh4
f6 16. Nf3 Qc7 17. Re1 fxe5 18. dxe5 b5 19. Qc1 Nxe5 20. Nxe5 Qxe5 21. Bxc4 Qf6
22. Bd3 Bxd3 23. cxd3 Ng6 24. Be3 Ne5 25. Qd2 Rb7 26. Qe2 Rc8 27. Rb3 Ng6 28.
Bd4 e5 29. Bxe5 Nxe5 30. Qxe5 Qxe5 31. Rxe5 Rcb8 32. a4 a6 33. axb5 axb5 34. f4
Kf7 35. g4 Kf6 36. Kf2 g5 37. Rf5+ Kg6 38. fxg5 h5 39. Kg3 hxg4 40. Kxg4 d4 41.
Rf6+ Kg7 42. c4 b4 43. Kh5 Rh8+ 44. Kg4 Rg8 45. c5 Rc7 46. c6 Rgc8 47. Rxb4
Rxc6 48. Rxc6 Rxc6 49. Rxd4 Kg6 50. h4 Kg7 51. Rd7+ Kg8 52. d4 Kh8 53. d5 Rc4+
54. Kh5 Rc8 1-0

[Event "Ostravský koník 2014 - FIDE Open B"]
[Site "Ostrava, CZE"]
[Date "2014.05.03"]
[Round "8"]
[White "Frank, Martin"]
[Black "Kuzel, Jaroslav"]
[Result "1-0"]
[WhiteElo "1100"]
[BlackElo "1000"]
[PlyCount "87"]

1. e4 e5 2. Nf3 Nc6 3. Bb5 a6 4. Ba4 b5 5. Bb3 a5 6. a3 Nf6 7. O-O Bd6 8. Re1
O-O 9. c3 Re8 10. Ng5 Kf8 11. d3 h6 12. Nf3 Bc5 13. Be3 Bxe3 14. Rxe3 Ng4 15.
Re2 Qf6 16. h3 d6 17. hxg4 Bxg4 18. Nbd2 h5 19. Re3 h4 20. Qf1 Qh6 21. Nh2 h3
22. g3 Bd7 23. Rf3 Re7 24. Qe2 Nd8 25. Qe3 Qh7 26. Qg5 f6 27. Qh4 Qxh4 28. gxh4
Nb7 29. Rg3 Nc5 30. Bd1 f5 31. exf5 Bxf5 32. Bg4 Bxg4 33. Nxg4 h2+ 34. Kxh2 Kf7
35. Re1 Rh8 36. Kh3 Ne6 37. Ne4 d5 38. Nxe5+ Ke8 39. Ng6 Rf8 40. Nxe7 Kxe7 41.
Ng5 Rxf2 42. Rxe6+ Kd7 43. Rg2 Rf1 44. Rd2 1-0

[Event "Ostravský koník 2014 - FIDE Open B"]
[Site "Ostrava, CZE"]
[Date "2014.05.03"]
[Round "8"]
[White "Knettig, Vojtech"]
[Black "Pinko, Michal"]
[Result "0-1"]
[WhiteElo "1000"]
[BlackElo "1099"]
[PlyCount "44"]

1. e4 e5 2. Nc3 Nf6 3. Nf3 Nc6 4. Bc4 Nxe4 5. Nxe4 d5 6. d3 dxe4 7. Ng5 Be6 8.
Bxe6 fxe6 9. Nxe6 Qf6 10. Nxc7+ Kd7 11. Nxa8 Bc5 12. O-O Rxa8 13. Be3 Nd4 14.
c3 Nf3+ 15. gxf3 exf3 16. Kh1 Rg8 17. d4 exd4 18. cxd4 Bd6 19. Qa4+ Kd8 20. d5
Qf5 21. Rad1 Qh3 22. Bf4 Qg2# 0-1

[Event "Ostravský koník 2014 - FIDE Open B"]
[Site "Ostrava, CZE"]
[Date "2014.05.04"]
[Round "9"]
[White "Hastík, Svatopluk"]
[Black "Dvorák, Vladimír"]
[Result "1/2-1/2"]
[WhiteElo "2037"]
[BlackElo "2046"]
[PlyCount "48"]

1. d4 Nf6 2. c4 Nc6 3. d5 Ne5 4. Qd4 d6 5. Nc3 Ng6 6. e4 e5 7. dxe6 fxe6 8. Be2
Be7 9. Nf3 O-O 10. Be3 Bd7 11. O-O Ng4 12. Rad1 Nxe3 13. Qxe3 e5 14. c5 Nf4 15.
Bc4+ Kh8 16. cxd6 cxd6 17. Nxe5 Be8 18. Nf3 Qc8 19. Nd5 Nxg2 20. Nxe7 Nxe3 21.
Nxc8 Nxd1 22. Nxd6 Nxb2 23. Ne5 Nxc4 24. Ndxc4 Bc6 1/2-1/2

[Event "Ostravský koník 2014 - FIDE Open B"]
[Site "Ostrava, CZE"]
[Date "2014.05.04"]
[Round "9"]
[White "Reznícek, Marcel"]
[Black "Kubeczka, Ales"]
[Result "1/2-1/2"]
[WhiteElo "2074"]
[BlackElo "2069"]
[PlyCount "66"]

1. e4 c6 2. d4 d5 3. e5 Bf5 4. Ne2 e6 5. Ng3 Bg6 6. h4 h5 7. Be2 c5 8. c3 Bxb1
9. Rxb1 g6 10. Bg5 Qb6 11. dxc5 Bxc5 12. O-O Qc7 13. Re1 Nd7 14. Kf1 Qb6 15.
Qa4 Bxf2 16. Bb5 Bxg3 17. Bxd7+ Kf8 18. Re3 Bh2 19. g3 Nh6 20. Bxh6+ Rxh6 21.
Qf4 g5 22. hxg5 Rg6 23. Kg2 Ke7 24. Rf3 f5 25. exf6+ Kxd7 26. Kxh2 Qd6 27. Qh4
Qe5 28. Rbf1 Rxg5 29. Qa4+ Kc7 30. f7 Rf8 31. Qa5+ Kb8 32. Qc5 Rxf7 33. Re3 Qc7
1/2-1/2

[Event "Ostravský koník 2014 - FIDE Open B"]
[Site "Ostrava, CZE"]
[Date "2014.05.04"]
[Round "9"]
[White "Dobes, Ludek"]
[Black "Hájek, Oskar"]
[Result "0-1"]
[WhiteElo "2066"]
[BlackElo "1947"]
[PlyCount "114"]

1. Nf3 Nf6 2. g3 c5 3. Bg2 Nc6 4. O-O g6 5. c4 Bg7 6. Nc3 O-O 7. d4 cxd4 8.
Nxd4 Nxd4 9. Qxd4 d6 10. Qd2 Qc7 11. b3 a6 12. Bb2 Be6 13. Rac1 Rac8 14. Nd5
Bxd5 15. cxd5 Qd7 16. Bc3 b5 17. Ba5 Qb7 18. Rc6 Nd7 19. Rfc1 Nc5 20. b4 Na4
21. Rc7 Qa8 22. Rxe7 Rxc1+ 23. Qxc1 Nc3 24. Qd2 Re8 25. Qe3 Be5 26. Rxe5 Nxe2+
27. Qxe2 Rxe5 28. Qd2 Qe8 29. Bf3 Rf5 30. Kg2 Qe5 31. Bb6 g5 32. Bd4 Qe7 33.
Bg4 Rxd5 34. Bf3 Rf5 35. Qc2 Qe6 36. Be4 Rd5 37. Bxh7+ Kf8 38. Be3 f5 39. Bxg5
Kg7 40. Qc7+ Kh8 41. Bxf5 Qxf5 42. Qd8+ Kg7 43. Qe7+ Kg6 44. Bf4 Rd3 45. f3 Qd5
46. Qe8+ Kg7 47. Qe2 Kf7 48. Bg5 Qf5 49. g4 Qd5 50. h4 Rd4 51. Qe7+ Kg8 52.
Qd8+ Kh7 53. Qd7+ Kg6 54. Be3 Rd2+ 55. Bxd2 Qxd2+ 56. Kg3 Qe1+ 57. Kf4 Qe5# 0-1

[Event "Ostravský koník 2014 - FIDE Open B"]
[Site "Ostrava, CZE"]
[Date "2014.05.04"]
[Round "9"]
[White "Kula, Dominik"]
[Black "Kocur, Valter"]
[Result "1-0"]
[WhiteElo "1968"]
[BlackElo "2061"]
[PlyCount "65"]

1. e4 c5 2. Nf3 e6 3. d4 cxd4 4. Nxd4 a6 5. Nc3 Qc7 6. Bd3 Nc6 7. Nxc6 bxc6 8.
O-O e5 9. f4 Nf6 10. Qf3 d6 11. f5 Bb7 12. Bc4 d5 13. Bb3 Bc5+ 14. Kh1 d4 15.
Nd1 O-O 16. Nf2 Kh8 17. g4 Ng8 18. g5 f6 19. Rg1 Be7 20. g6 h6 21. Qh5 c5 22.
Bxg8 Kxg8 23. Bxh6 Bd6 24. Bd2 Rfe8 25. Qh7+ Kf8 26. Qh8+ Ke7 27. Qxg7+ Kd8 28.
Qxf6+ Be7 29. Qf7 Rf8 30. Qh7 Kd7 31. Bg5 Rae8 32. g7 Rg8 33. f6 1-0

[Event "Ostravský koník 2014 - FIDE Open B"]
[Site "Ostrava, CZE"]
[Date "2014.05.04"]
[Round "9"]
[White "Omamik, Pavel"]
[Black "Milat, Patrik"]
[Result "0-1"]
[WhiteElo "2044"]
[BlackElo "2006"]
[PlyCount "110"]

1. e4 c5 2. Nc3 Nc6 3. g3 g6 4. Bg2 Bg7 5. d3 Rb8 6. Nf3 e6 7. O-O Nge7 8. Re1
O-O 9. e5 Nf5 10. Bf4 d5 11. exd6 Nxd6 12. Qc1 f6 13. Bh6 Nd4 14. Bxg7 Kxg7 15.
Ne4 Nxe4 16. Rxe4 Nf5 17. Qe1 Nd6 18. Re2 e5 19. Qc3 b6 20. a4 Bb7 21. Nd2 Qc7
22. Rf1 Bxg2 23. Kxg2 Qc6+ 24. f3 Qxa4 25. Ne4 Nb5 26. Qd2 c4 27. Nc3 Nxc3 28.
Qxc3 cxd3 29. Qxd3 Rfd8 30. Qe3 Rbc8 31. Rff2 Qc6 32. Qa3 Rd7 33. Re3 Rcd8 34.
Rc3 Qe6 35. Qb4 h5 36. Qe4 Rd2 37. Rc7+ R2d7 38. Rc6 Qf7 39. c3 Rd2 40. Qe3
Rxf2+ 41. Qxf2 Qd7 42. Rc4 Qd1 43. Rc7+ Kg8 44. Qf1 Qc2+ 45. Kh3 Qf5+ 46. Kg2
Rd2+ 47. Kg1 Kh8 48. Rxa7 Qc2 49. Ra1 Rxh2 50. b4 Re2 51. Rd1 Kh7 52. c4 Kh6
53. Rc1 Qd2 54. Kh1 Rf2 55. Qg1 Qe2 0-1

[Event "Ostravský koník 2014 - FIDE Open B"]
[Site "Ostrava, CZE"]
[Date "2014.05.04"]
[Round "9"]
[White "Trombík, Karel"]
[Black "Radecki, Petr"]
[Result "1/2-1/2"]
[WhiteElo "2016"]
[BlackElo "2013"]
[PlyCount "23"]

1. b3 d5 2. Bb2 c5 3. e3 Nc6 4. Nf3 Bg4 5. Be2 e6 6. O-O Nf6 7. d4 cxd4 8. exd4
Be7 9. Nbd2 O-O 10. c4 Rc8 11. Rc1 dxc4 12. bxc4 1/2-1/2

[Event "Ostravský koník 2014 - FIDE Open B"]
[Site "Ostrava, CZE"]
[Date "2014.05.04"]
[Round "9"]
[White "Zeman, Arnost"]
[Black "Kopta, Jirí"]
[Result "1/2-1/2"]
[WhiteElo "1993"]
[BlackElo "1960"]
[PlyCount "73"]

1. e4 c5 2. Nc3 g6 3. Nge2 Nc6 4. d4 cxd4 5. Nxd4 Bg7 6. Be3 Nf6 7. Be2 O-O 8.
O-O d5 9. Nxd5 Nxd5 10. exd5 Nxd4 11. Bxd4 Qxd5 12. Bxg7 Qxd1 13. Rfxd1 Kxg7
14. Rd2 Be6 15. Bf3 Rad8 16. Rad1 Rxd2 17. Rxd2 Rc8 18. b3 b5 19. Be4 f5 20.
Bd3 b4 21. Re2 Kf6 22. f4 Rc5 23. Re1 Ra5 24. Ra1 Bd5 25. g3 e5 26. Kf2 e4 27.
Be2 Ke6 28. Ke3 Kd6 29. Kd4 Be6 30. c4 bxc3 31. Kxc3 Rc5+ 32. Kb2 Rd5 33. Rd1
Kc5 34. Kc3 a5 35. Rxd5+ Bxd5 36. a3 Be6 37. h4 1/2-1/2

[Event "Ostravský koník 2014 - FIDE Open B"]
[Site "Ostrava, CZE"]
[Date "2014.05.04"]
[Round "9"]
[White "Pesl, Jan"]
[Black "Novácek, Pavel"]
[Result "0-1"]
[WhiteElo "1780"]
[BlackElo "1979"]
[PlyCount "50"]

1. e4 c5 2. Nc3 e6 3. f4 d6 4. Nf3 Nf6 5. e5 Nfd7 6. g3 Nc6 7. exd6 Bxd6 8. Bg2
O-O 9. O-O Rb8 10. d3 Re8 11. Be3 e5 12. Ne4 Bf8 13. c3 h6 14. Qd2 b6 15. Rad1
Ba6 16. Rfe1 Rc8 17. Bh3 Rc7 18. a3 Bb7 19. Bg2 f5 20. Nf2 Bd6 21. d4 cxd4 22.
cxd4 e4 23. Ne5 Nf6 24. Bf1 Ne7 25. Bb5 Rf8 0-1

[Event "Ostravský koník 2014 - FIDE Open B"]
[Site "Ostrava, CZE"]
[Date "2014.05.04"]
[Round "9"]
[White "Melecký, Jaroslav"]
[Black "Albertovic, Lukás"]
[Result "1-0"]
[WhiteElo "1973"]
[BlackElo "1923"]
[PlyCount "65"]

1. e4 e5 2. Nc3 Nc6 3. Bc4 Nf6 4. d3 Bc5 5. Nf3 d6 6. h3 h6 7. Na4 Bb6 8. Nxb6
axb6 9. c3 Be6 10. Bb3 d5 11. exd5 Bxd5 12. Bc2 Qd6 13. Be3 O-O-O 14. b4 g5 15.
b5 Ne7 16. c4 Be6 17. Qe2 g4 18. hxg4 Bxg4 19. Bd2 Nf5 20. O-O-O Nd4 21. Qe3
Qa3+ 22. Kb1 Nxc2 23. Kxc2 Qxa2+ 24. Kc3 Qa3+ 25. Kc2 Qa2+ 26. Kc3 Qa3+ 27. Kc2
Bf5 28. Nxe5 Rhe8 29. Ra1 Bxd3+ 30. Nxd3 Qxa1 31. Rxa1 Rxd3 32. Ra8+ Kd7 33.
Qxe8+ 1-0

[Event "Ostravský koník 2014 - FIDE Open B"]
[Site "Ostrava, CZE"]
[Date "2014.05.04"]
[Round "9"]
[White "Snyta, Zdenek"]
[Black "Bergloviec, Jan"]
[Result "1-0"]
[WhiteElo "2091"]
[BlackElo "1869"]
[PlyCount "113"]

1. e4 c5 2. g3 d6 3. Bg2 Nc6 4. Ne2 g6 5. c3 Bg7 6. Na3 Nf6 7. Nc2 d5 8. exd5
Nxd5 9. d4 cxd4 10. Ncxd4 O-O 11. Nxc6 bxc6 12. Nd4 Bb7 13. O-O Qb6 14. Qb3 e5
15. Nc2 Rab8 16. c4 Ne7 17. Be3 c5 18. Qxb6 axb6 19. Bxb7 Rxb7 20. a4 Nc6 21.
b3 Rd7 22. Rfd1 Rfd8 23. Rxd7 Rxd7 24. Rb1 Nd4 25. Bxd4 exd4 26. Kf1 f5 27. Rd1
Kf7 28. Ke2 Ke6 29. Kd3 Kd6 30. Re1 Re7 31. Rxe7 Kxe7 32. b4 Kd6 33. b5 Bf6 34.
Na1 Bd8 35. Nb3 Bc7 36. Nd2 Ke6 37. Nf3 h6 38. Ke2 g5 39. Ne1 g4 40. Nd3 h5 41.
a5 bxa5 42. Nxc5+ Kd6 43. Na4 Bd8 44. Kd3 Bf6 45. c5+ Kd5 46. Nb6+ Kxc5 47.
Nd7+ Kxb5 48. Nxf6 Kb4 49. Nd5+ Kb3 50. Nb6 a4 51. Nxa4 Kxa4 52. Kxd4 Kb4 53.
Ke5 Kc5 54. Kxf5 Kd5 55. Kg6 Ke6 56. Kxh5 Kf5 57. Kh4 1-0

[Event "Ostravský koník 2014 - FIDE Open B"]
[Site "Ostrava, CZE"]
[Date "2014.05.04"]
[Round "9"]
[White "Lipovský, Tomás"]
[Black "Chrostek, Lukás"]
[Result "1/2-1/2"]
[WhiteElo "2011"]
[BlackElo "1769"]
[PlyCount "79"]

1. e4 e5 2. Nf3 Nc6 3. Bb5 a6 4. Ba4 Nf6 5. O-O b5 6. Bb3 Be7 7. Re1 d6 8. c3
O-O 9. h3 Na5 10. Bc2 c5 11. d4 Qc7 12. d5 Bd7 13. Nbd2 Rfc8 14. b3 c4 15. b4
Nb7 16. Bb2 Bf8 17. Nf1 g6 18. Ng3 Bg7 19. a3 h6 20. Bc1 a5 21. Be3 axb4 22.
axb4 Qd8 23. Qd2 Rxa1 24. Rxa1 Ra8 25. Rxa8 Qxa8 26. Kh2 Kh7 27. Ne1 g5 28. Qe2
g4 29. f4 Qa1 30. Bd2 Kg8 31. Qf2 exf4 32. Qxf4 gxh3 33. Nf5 Bxf5 34. Qxf5 Qa8
35. gxh3 Qe8 36. Nf3 Nd7 37. Qg4 Ne5 38. Nxe5 Qxe5+ 39. Kg2 Qf6 40. Bd1 1/2-1/2

[Event "Ostravský koník 2014 - FIDE Open B"]
[Site "Ostrava, CZE"]
[Date "2014.05.04"]
[Round "9"]
[White "Ling, Bronislav"]
[Black "Semancík, David"]
[Result "1-0"]
[WhiteElo "1981"]
[BlackElo "1721"]
[PlyCount "53"]

1. e4 e5 2. Nf3 Nc6 3. Bb5 a6 4. Ba4 Nf6 5. O-O b5 6. Bb3 Bb7 7. Re1 Be7 8. c3
O-O 9. d4 d6 10. Nbd2 Na5 11. Bc2 c5 12. dxe5 dxe5 13. Nxe5 Qc7 14. Ng4 Rad8
15. Nxf6+ Bxf6 16. e5 Bxe5 17. Qh5 f5 18. Bxf5 Bxh2+ 19. Kh1 Rxf5 20. Qxf5 Bc8
21. Qe4 Bd6 22. Nf3 Qf7 23. Qh4 Nc6 24. Bg5 Rf8 25. Rad1 Qg6 26. Qe4 Qh5+ 27.
Bh4 1-0

[Event "Ostravský koník 2014 - FIDE Open B"]
[Site "Ostrava, CZE"]
[Date "2014.05.04"]
[Round "9"]
[White "Nisztuk, Michal"]
[Black "Malinovský, Petr"]
[Result "0-1"]
[WhiteElo "1762"]
[BlackElo "1969"]
[PlyCount "106"]

1. e4 c5 2. Nf3 e6 3. c3 d5 4. exd5 exd5 5. d4 Nf6 6. Bg5 cxd4 7. Nxd4 Be7 8.
Nd2 O-O 9. Be2 Nc6 10. N2f3 Ne4 11. Bxe7 Qxe7 12. O-O Bg4 13. h3 Bxf3 14. Bxf3
Qf6 15. Nc2 Rad8 16. Ne3 Ne5 17. Be2 d4 18. cxd4 Rxd4 19. Nd5 Nf3+ 20. Bxf3 Qe5
21. Qc2 Qxd5 22. Rfe1 f5 23. Re3 Rd2 24. Qa4 Qc5 25. Rf1 Nxf2 26. Qb3+ Kh8 27.
Rxf2 Rxf2 28. Rc3 Qd4 29. Rd3 Rxf3+ 30. Rxd4 Rxb3 31. axb3 h5 32. Rd7 Rb8 33.
Rf7 g6 34. Kf2 Rg8 35. Rxb7 Rg7 36. Rb5 h4 37. Rd5 Rb7 38. Rd3 Kg7 39. Ke3 Kf6
40. Kd2 Ke5 41. Kc3 g5 42. Kd2 g4 43. hxg4 fxg4 44. Ke2 Rf7 45. Re3+ Kf4 46.
Rc3 Rh7 47. Kf2 Rd7 48. Ke2 Re7+ 49. Kd2 Re4 50. Rd3 h3 51. g3+ Ke5 52. Rc3 Rb4
53. Kc2 h2 0-1

[Event "Ostravský koník 2014 - FIDE Open B"]
[Site "Ostrava, CZE"]
[Date "2014.05.04"]
[Round "9"]
[White "Petrov, Bogoljub"]
[Black "Havelka, Ondrej"]
[Result "0-1"]
[WhiteElo "1953"]
[BlackElo "1661"]
[PlyCount "52"]

1. e4 e6 2. d4 d5 3. Nc3 dxe4 4. Nxe4 Bd7 5. Nf3 Bc6 6. Bd3 Nd7 7. O-O Ngf6 8.
Nxf6+ Qxf6 9. Be2 Bd6 10. h3 g5 11. c4 Be4 12. g3 Rg8 13. c5 Be7 14. Nh2 O-O-O
15. b4 Qg7 16. Be3 f5 17. f3 Bd5 18. Re1 h5 19. g4 hxg4 20. hxg4 Rh8 21. Bf1
Rxh2 22. Kxh2 Qh6+ 23. Kg1 Rh8 24. Bg2 fxg4 25. Bf2 Qh2+ 26. Kf1 gxf3 0-1

[Event "Ostravský koník 2014 - FIDE Open B"]
[Site "Ostrava, CZE"]
[Date "2014.05.04"]
[Round "9"]
[White "Kuchar, Matej"]
[Black "Tylecek, Drahomír"]
[Result "0-1"]
[WhiteElo "1693"]
[BlackElo "1942"]
[PlyCount "46"]

1. e4 e5 2. Nf3 Nc6 3. d4 exd4 4. Nxd4 Bc5 5. Nb3 Bb6 6. Nc3 Nf6 7. Qe2 d6 8.
Bg5 Nd4 9. Nxd4 Bxd4 10. Qd3 Bxf2+ 11. Kxf2 Ng4+ 12. Kg1 Qxg5 13. Nd5 O-O 14.
Be2 c6 15. Bxg4 cxd5 16. Bf3 dxe4 17. Bxe4 Qc5+ 18. Kf1 Be6 19. b3 f5 20. Bxb7
Rae8 21. c4 Bf7 22. Re1 Rxe1+ 23. Kxe1 Qb4+ 0-1

[Event "Ostravský koník 2014 - FIDE Open B"]
[Site "Ostrava, CZE"]
[Date "2014.05.04"]
[Round "9"]
[White "Kozelský, Marek"]
[Black "Kusák, Lubomír"]
[Result "1-0"]
[WhiteElo "1933"]
[BlackElo "1685"]
[PlyCount "68"]

1. e4 d5 2. exd5 Qxd5 3. Nc3 Qa5 4. Bc4 e5 5. Qh5 g6 6. Qf3 f5 7. g4 e4 8. Qe2
Nf6 9. g5 Nh5 10. d3 Nc6 11. dxe4 Nd4 12. Qd3 Qe5 13. f4 fxe4 14. Nxe4 Qg7 15.
Be3 Nc6 16. O-O-O Bf5 17. Bb5 Be7 18. Bd4 O-O-O 19. Bxc6 Rxd4 20. Qxd4 Qxd4 21.
Rxd4 bxc6 22. Ng3 Bg4 23. N1e2 Bc5 24. Rd3 Re8 25. Kd2 Bd6 26. Rf1 Bh3 27. Rf2
Bc5 28. Nd4 Ng7 29. Re2 Rd8 30. Nxc6 Rf8 31. Ne7+ Kb7 32. Nd5 Ne6 33. Re4 Bf1
34. Rb3+ Kc6 1-0

[Event "Ostravský koník 2014 - FIDE Open B"]
[Site "Ostrava, CZE"]
[Date "2014.05.04"]
[Round "9"]
[White "Hlubina, Pavel"]
[Black "Beluská, Tereza"]
[Result "1/2-1/2"]
[WhiteElo "1930"]
[BlackElo "1645"]
[PlyCount "20"]

1. e4 e6 2. d4 d5 3. Nd2 Be7 4. e5 c5 5. c3 Nc6 6. Ndf3 Bd7 7. Ne2 Rc8 8. g3
cxd4 9. Nfxd4 f6 10. exf6 Nxf6 1/2-1/2

[Event "Ostravský koník 2014 - FIDE Open B"]
[Site "Ostrava, CZE"]
[Date "2014.05.04"]
[Round "9"]
[White "Filip, Tomás"]
[Black "Stanek, Stanislav"]
[Result "1-0"]
[WhiteElo "1595"]
[BlackElo "1917"]
[PlyCount "31"]

1. e4 e5 2. Nf3 d6 3. d4 Qe7 4. Nc3 c6 5. Bc4 Bg4 6. dxe5 dxe5 7. Bg5 f6 8. Be3
Be6 9. Qd3 Bxc4 10. Qxc4 g6 11. O-O-O Nh6 12. Rd3 Nf7 13. Rhd1 b6 14. Nb5 Qb7
15. Rd8+ Nxd8 16. Nd6+ 1-0

[Event "Ostravský koník 2014 - FIDE Open B"]
[Site "Ostrava, CZE"]
[Date "2014.05.04"]
[Round "9"]
[White "Kabelka, Ondrej"]
[Black "Blecha, Josef"]
[Result "1-0"]
[WhiteElo "1697"]
[BlackElo "1890"]
[PlyCount "79"]

1. d4 d5 2. c4 c6 3. Nf3 Nf6 4. Nc3 g6 5. Bf4 Bg7 6. h3 O-O 7. e3 Bf5 8. Qb3
dxc4 9. Qxb7 Qb6 10. Qxb6 axb6 11. Bxc4 b5 12. Bb3 Na6 13. O-O Nb4 14. Ne5 Rac8
15. a3 Nbd5 16. Nxd5 cxd5 17. Rac1 h5 18. Nc6 Rce8 19. Nb4 Be6 20. Rc7 Ne4 21.
Bxd5 Nd2 22. Rfc1 Bxd5 23. Nxd5 e6 24. Nb6 e5 25. Bxe5 Bxe5 26. dxe5 Re6 27.
Nd7 Ra8 28. Rc8+ Rxc8 29. Rxc8+ Kg7 30. Rb8 Rc6 31. g4 g5 32. gxh5 Rc1+ 33. Kg2
Ne4 34. Nf6 Nd2 35. Rg8+ Kh6 36. Rh8+ Kg7 37. Rh7+ Kf8 38. h6 Rc2 39. Rh8+ Ke7
40. Re8# 1-0

[Event "Ostravský koník 2014 - FIDE Open B"]
[Site "Ostrava, CZE"]
[Date "2014.05.04"]
[Round "9"]
[White "Borovicka, Bohumil"]
[Black "Cvik, Stepán"]
[Result "1-0"]
[WhiteElo "2000"]
[BlackElo "1723"]
[PlyCount "79"]

1. d4 c6 2. e4 d5 3. exd5 cxd5 4. c3 Nf6 5. Nf3 Nc6 6. Na3 Bg4 7. Qb3 Qc7 8.
Be2 e6 9. Bg5 Be7 10. Nc2 O-O 11. Ne3 Bh5 12. Qd1 Rac8 13. O-O a6 14. a4 Na5
15. Ne5 Bxe2 16. Qxe2 Nc6 17. Nxc6 Qxc6 18. Ng4 Nxg4 19. Bxe7 Qc7 20. Qxg4 Qxe7
21. f4 f5 22. Qe2 a5 23. Qb5 Qc7 24. Rfe1 Kf7 25. Re5 Qc6 26. Qb3 Rc7 27. Rae1
Re8 28. R5e3 Rce7 29. Rh3 h6 30. Qd1 Rh8 31. g4 fxg4 32. Qxg4 Qxa4 33. f5 e5
34. Qg6+ Kf8 35. f6 Rf7 36. fxg7+ Rxg7 37. Rf1+ Kg8 38. Qxg7+ Kxg7 39. Rg3+ Kh7
40. Rf7# 1-0

[Event "Ostravský koník 2014 - FIDE Open B"]
[Site "Ostrava, CZE"]
[Date "2014.05.04"]
[Round "9"]
[White "Písa, Vladimír"]
[Black "Gemsa, Pavel"]
[Result "1-0"]
[WhiteElo "1981"]
[BlackElo "1626"]
[PlyCount "39"]

1. e4 c5 2. Nf3 g6 3. d4 cxd4 4. Qxd4 Nf6 5. e5 Ng8 6. e6 f6 7. exd7+ Qxd7 8.
Nc3 Nc6 9. Qa4 a6 10. Be3 e6 11. Bb6 Nb4 12. Qxd7+ Bxd7 13. O-O-O Bh6+ 14. Kb1
Ne7 15. Bc4 Rc8 16. Bb3 Bc6 17. Bxe6 Bxf3 18. gxf3 Rb8 19. Nd5 Nf5 20. Bc5 1-0

[Event "Ostravský koník 2014 - FIDE Open B"]
[Site "Ostrava, CZE"]
[Date "2014.05.04"]
[Round "9"]
[White "Mrázek, Roman"]
[Black "Chromík, Tomás"]
[Result "1/2-1/2"]
[WhiteElo "1842"]
[BlackElo "1939"]
[PlyCount "44"]

1. d4 d5 2. g3 Nf6 3. c4 c6 4. Bg2 e6 5. cxd5 exd5 6. Nf3 Bb4+ 7. Bd2 Bd6 8.
O-O O-O 9. Nc3 Re8 10. Bg5 h6 11. Bf4 Bxf4 12. gxf4 Bf5 13. Ne5 Nbd7 14. Qb3
Qb6 15. Qxb6 axb6 16. Rfe1 Nf8 17. a4 Nh5 18. e3 f6 19. Nf3 g5 20. fxg5 hxg5
21. b4 Ng7 22. Nd2 Kf7 1/2-1/2